000 01148nam a22003497a 4500
001 BR0805353
003 BR-BrBNA
005 20230928102711.0
007 ta
008 230509b bl.||||| |||| 00| 0 por d
040 _aBR-BrBNA
_bpor
_cBiblioteca Nacional de Agricultura
041 _a(Por)
072 _aL73
_b5400
_b4140
090 _ 5400 BR0805353
100 1 _aWilke, V.M.L.
110 1 _aUniversidaqde Federal de Minas Gerais, Belo Horizonte (Brasil). Escola de Veterinária
_0Tese (Mestre em Medicina Veterinária)
245 1 _aAvaliação das atividades de controle da Leishmaniose visceral canina no município de Sabará, Minas Gerais, 1995 a 2000
260 3 _aBelo Horizonte, MG (Brasil):
_c2006.
300 _a79 p.
500 _aSummaries (Eng, Por); Bibliography p. 72-78; 8 illus.; 16 tables
650 _aCÃO
650 _aDOENÇA ANIMAL
650 _aPROTOZOÁRIO
650 _aLEISHMANIOSE
650 _aEPIDEMIOLOGIA
650 _aDIAGNÓSTICO
650 _aTRANSMISSÃO DE DOENÇA
650 _aBIOQUÍMICA ANIMAL
650 _aMINAS GERAIS
909 _a202309
_bLucia
_c55
_dLucia Elande
942 _cBK
999 _c72100
_d72100